|
|
|
|
| LEADER |
00000naa a22000007a 4500 |
| 005 |
20111213133332.0 |
| 007 |
cr|||| |||| |
| 008 |
110823t2011 ag ||||sn||| 001 0 spa|d |
| 020 |
|
|
|a 987-1145-26-8
|
| 035 |
|
|
|a 6078
|
| 040 |
|
|
|a vLex
|
| 090 |
|
|
|c 2845
|d 2845
|
| 245 |
0 |
0 |
|a Anuario de Derecho Civil de la facultad de Derecho y Ciencias Sociales
|b Aǫ acadm̌ico 2004
|h [Recurso electrn̤ico] :
|p Tomo IX
|
| 256 |
|
|
|a Servicio en ln̕ea.
|
| 260 |
|
|
|a [Argentina] :
|b Alveroni Ediciones,
|c 2011
|
| 300 |
|
|
|a 1 recurso electrn̤ico
|
| 506 |
1 |
|
|a Contenido solo disponible en los productos indicados
|d vLex Global
|d vLex Global (Academic Edition, excluding Law Schools)
|d vLex Global (U.S. Academic Edition, Law Schools)
|d vLex Global (U.S. Academic Edition, excluding Law Schools)
|d vLex Global (Academic Edition, Law Schools)
|
| 650 |
0 |
4 |
|a Derecho civil
|
| 740 |
0 |
|
|a vLex Libros (Servicio en ln̕ea)
|
| 856 |
4 |
0 |
|u http://vlex.com/source/anuario-derecho-civil-facultad-derecho-ciencias-sociales-tomo-ix-a-o-academico-2004-6078
|z Acceso restringido
|
| 942 |
|
|
|c BOOK
|
| 999 |
0 |
|
|a Civil law
|